Music Quiz

Random Music or Lyrics Quiz

Dont Forget the Lyrics-Lil Wayne Quiz Stats

 Plays Quiz not verified by Sporcle

Score 0/8 Timer 07:00
0 Plays Today
Lyrics Finish the Lyrics % Correct
Oh lil' mama had a swag like mine...she even wear her hair down her back like mine
61.4%
I'm gonna pick the world up...and drop it on your **** head
32.7%
A milli A milli A milli ...A milli A milli A milli
30.5%
I want this **** forever..wake up and smell the garden
21.7%
But it's **** the world...get a child out of her
14.4%
came from the gudder lookin like my mother..made it to the goal line straight out of the huddle
2.8%
Go ahead lil momma i can transform ya...no you can't dance but I can dance on you
1.1%
Meet my on the fresh train...yes I'm in the building you just on the lst of guest names
0.8%

You're not logged in!

Compare scores with friends on all Sporcle quizzes.
OR
Log In

Show Comments

Extras

Top Quizzes Today


Score Distribution

Your Account Isn't Verified!

In order to create a playlist on Sporcle, you need to verify the email address you used during registration. Go to your Sporcle Settings to finish the process.

Report this User

Report this user for behavior that violates our Community Guidelines.

Details: